00632 2200229 4500001002100000005001700021008004100038020001800079035002500097082001000122090001900132100002000151245006000171250001100231260003500242300003400277500002900311650001200340850001200352990001900364990001900383YOGYA-0209000003582620150708111746.0 ind  a979-489-458-3 a0010-020900000035826 a634.1 aT 634.1bSat P aSatuhu, Suyanti aPenanganan manggis segar untuk eksporc/ Suyanti Satuhu aCet. 1 aJakartabPenebar Swadayac1997 avi, 50 hlm.:bilus. ;c21 cm. aBibliografi : hlm. 48-49 aManggis aYOPDYOG a4804-PN/P.2000 a4806-PN/P.2000